000 00922cam a2200289 4500
001 32624
003 BD-RjUL
005 20211209051851.0
008 140427s1969 pk b 001 0 eng
035 _a(BD-RjUL)32713
040 _aDLC
_cDLC
_dBD-RjUL
_beng
041 _aeng
082 0 0 _a297.942
_bMIR 1969
100 1 _aMiah, M. Shamsuddin.
_999270
245 1 4 _aThe reign of al-Mutawakkil /
_cby M. Shamsuddin Miah.
260 _aDacca :
_bAsiatic Society of Pakistan,
_cc1969.
300 _axv, 381 p. ;
_c25 cm.
490 _aAsiatic Society of Pakistan Publication
_vno. 24
502 _aThesis--University of London.
504 _aBibliography: p. [331]-360.
504 _aIncludes index.
600 0 0 _aMutawakkil,
_ccaliph,
_d821-861.
_9169318
651 0 _aIraq
_xHistory
_y634-1534.
_999272
830 _aAsiatic Society of Pakistan Publication
_vno. 24
_9138080
942 _2ddc
_cBK
999 _c32624
_d32624